Classical Mechanics. (Record no. 5525)

MARC details
000 -LEADER
fixed length control field 00578nam a22002177a 4500
003 - CONTROL NUMBER IDENTIFIER
control field OSt
005 - DATE AND TIME OF LATEST TRANSACTION
control field 20170213134530.0
008 - FIXED-LENGTH DATA ELEMENTS--GENERAL INFORMATION
fixed length control field 170213b xxu||||| |||| 00| 0 eng d
020 ## - INTERNATIONAL STANDARD BOOK NUMBER
International Standard Book Number 9781860944352
020 ## - INTERNATIONAL STANDARD BOOK NUMBER
International Standard Book Number 1860944353
040 ## - CATALOGING SOURCE
Transcribing agency DDC.
082 ## - DEWEY DECIMAL CLASSIFICATION NUMBER
Classification number 531KIB 2004
100 ## - MAIN ENTRY--PERSONAL NAME
Personal name Kibble,W.B Tom;Berkshire,H.Frank;
9 (RLIN) 11524
245 ## - TITLE STATEMENT
Title Classical Mechanics.
250 ## - EDITION STATEMENT
Edition statement 5th ed.
260 ## - PUBLICATION, DISTRIBUTION, ETC. (IMPRINT)
Place of publication, distribution, etc. London.
Name of publisher, distributor, etc. Imperial College Press.
Date of publication, distribution, etc. 2004.
300 ## - PHYSICAL DESCRIPTION
Extent xx,478p;
Other physical details ill;
Dimensions 26cm.
504 ## - BIBLIOGRAPHY, ETC. NOTE
Bibliography, etc includes bibliography and index,
650 ## - SUBJECT ADDED ENTRY--TOPICAL TERM
Topical term or geographic name as entry element Physics.
9 (RLIN) 809
942 ## - ADDED ENTRY ELEMENTS (KOHA)
Source of classification or shelving scheme Dewey Decimal Classification
Koha item type Newspaper
Holdings
Withdrawn status Lost status Source of classification or shelving scheme Damaged status Not for loan Home library Current library Date acquired Source of acquisition Inventory number Total Checkouts Full call number Barcode Date last seen Price effective from Koha item type
    Dewey Decimal Classification     MUST Main Library MUST Main Library 13/02/2017 Purchase 12/35888   531KIB 2004 2017-0160 13/02/2017 13/02/2017 Open Shelf
    Other/Generic Classification Scheme     MUST Main Library MUST Main Library 18/06/2024 purchase 12/36603   531KIB 2004 2024-20811 18/06/2024 18/06/2024 Open Shelf
    Other/Generic Classification Scheme     MUST Main Library MUST Main Library 18/06/2024 purchase 12/36602   531KIB 2004 2024-20814 18/06/2024 18/06/2024 Open Shelf
    Other/Generic Classification Scheme     MUST Main Library MUST Main Library 18/06/2024 purchase 08/29510   531KIB 2004 2024-20815 18/06/2024 18/06/2024 Open Shelf